000 00384nam a2200157Ia 4500
008 200103s9999||||xx |||||||||||||| ||und||
020 _a9780070151314
040 _aIMU-MPC
082 _aColumn-28
100 _aNag, P. K.
245 0 _aBasic Aand applied Thermodynamics
250 _a2nd ed.
260 _bMcGraw-Hill Book Company, Inc.
_c2013
300 _axvi, 846
942 _cBK
999 _c7247
_d7247